000
00255nam a2200097Ia 4500
001
708397
005
20251201100507.0
008
250824s9999 xx 000 0 und d
245
0
_a
GÖLGELERİN EFENDİSİ 4
_c
JOHN FLANAGAN
260
_b
BEYAZ BALİNA YAYINLARI
999
_c
708397
_d
708397